000 00678nam a2200193Ii 4500
003 JO-AjNU
008 230605s9999||||xx |||||||||||||| ||und||
040 _aJO-AjNU
_bara
_erda
_cJO-AjNU
041 _aara
050 1 4 _aDK290.A54 2002
100 3 _aقديروف، احمد؛ الترجمة الى اللغة الروسية شمس الدين،أمين,
_eauthor
_910008
245 0 0 _aخياري من سجلات قائد شيشاني
264 3 1 _aعمان: (د.ن)، 2003
300 _a93ص
_bصور توضيحية
336 _atext
_btxt
_2rdacontent
337 _aunmediated
_bn
_2rdamedia
338 _avolume
_bnc
_2rdacarrier
650 4 _aالشيشان-تاريخ
_910009
999 _aA1590
_c5158
_d5158